| 000 | 00560nam a2200229Ia 4500 | ||
|---|---|---|---|
| 003 | OSt | ||
| 005 | 20221005123016.0 | ||
| 006 | a|||||r|||| 00| 0 | ||
| 007 | ta | ||
| 008 | 221004b |||||||| |||| 00| 0 mal d | ||
| 024 | _a59094 | ||
| 037 | _cTextual | ||
| 040 |
_aCRL _cCRL _bmal |
||
| 041 |
_2mal _amal |
||
| 082 | _aV212k, 32M3 | ||
| 100 |
_aVasanthan S.K _9632985 |
||
| 245 | 0 | _aKeralacharithra nighandu | |
| 260 | _c1983 | ||
| 650 | _aHISTORY | ||
| 942 |
_hV212k, 32M3 _cTEXL _2cc |
||
| 999 |
_c1046107 _d1046107 |
||